000 00758nam a2200217Ii 4500
003 JO-AjNU
008 230605s9999||||xx |||||||||||||| ||und||
040 _aJO-AjNU
_bara
_erda
_cJO-AjNU
041 _aara
050 1 4 _aBP173.7.M382 1983
100 3 _aالماوردي، أبي الحسن علي بن محمد بن حبيب ؛ تحقيق: خضر محمد خضر,
_eauthor
_98396
245 0 0 _aنصيحة الملوك
250 _aط1
264 3 1 _aالكويت: مكتبة الفلاح، 1983
300 _a320ص
336 _atext
_btxt
_2rdacontent
337 _aunmediated
_bn
_2rdamedia
338 _avolume
_bnc
_2rdacarrier
490 0 _aمن التراث السياسي الاسلامي
650 4 _aنظام الحكم في الاسلام
_98397
999 _aA766
_c4334
_d4334